000 00508nam a2200169Ia 4500
999 _c12189
_d12189
003 OSt
005 20201005152104.0
008 190216s9999||||xx |||||||||||||| ||und||
040 _coclc
082 _a821.912
_bSOU/S
100 _aSoutham, B C
_95324
245 2 _aA Student's Guide To The Selected Poems Of T S Eliot /
_cB C Southam
260 _bFaber And Faber,
_c1968.
_aLondon:
300 _a136p
650 _aEnglish Poetry
942 _cBK
_2ddc
_h821.912
_iSOU/S
_k821.912
_mSOU/S